000 00335nam a2200133Ia 4500
008 230817s2023 xx 000 0 und d
041 _aeng
082 _a3281/MUD
100 _aRohini Mudholkar
245 _aGeneral Principal of Political Science
250 _a2019 Ed
260 _aPUNE
_bHIND LAW HOUSE,
_c2023
300 _a1-192Pp
999 _c850599
_d850599